Statistics for Countries by territory on the Prime Meridian

Click here to take the quiz!

General Stats

  • This quiz has been taken 15 times
  • The average score is 7 of 8

Answer Stats

Miles of CoverageAnswer% Correct
1,010Algeria
100%
453.1France
92%
165.3Spain
92%
189.5United Kingdom
92%
471.8Mali
85%
265.5Burkina Faso
77%
379Ghana
69%
2.71Togo
54%

Score Distribution

Percentile by Number Answered

Percent of People with Each Score

Your Score History

You have not taken this quiz